[Event "4. Bayer Open"]
[Site "Leverkusen"]
[Date "2007.02.12"]
[Round "4"]
[White "Bosbach, Jens"]
[Black "Werbeck, Thorsten"]
[Result "1/2-1/2"]
[WhiteElo "1867"]
[BlackElo "2102"]
[PlyCount "103"]
[EventDate "2007.??.??"]
[EventType "swiss"]
[EventRounds "7"]
[EventCountry "GER"]
[Source "Manfred Birnkot"]
[SourceDate "2007.03.26"]

1. d4 g6 2. Nf3 Bg7 3. c4 c5 4. e3 Nf6 5. Nc3 O-O 6. Bd3 cxd4 7. Nxd4 d5 8. O-O
e5 9. Nb3 Nc6 10. cxd5 Nxd5 11. Nxd5 Qxd5 12. e4 Qd8 13. Be3 b6 14. Rc1 Nb4 15.
Bb1 Qe7 16. Rc3 Ba6 17. Re1 Rac8 18. Qd2 Rxc3 19. Qxc3 Rc8 20. Qd2 Rd8 21. Qc3
Nd3 22. Bxd3 Rxd3 23. Qc6 Bf8 24. Rc1 Bb7 25. Qc4 Qd7 26. h3 b5 27. Qc2 Bxe4
28. Nc5 Bxc5 29. Qxc5 Rd1+ 30. Rxd1 Qxd1+ 31. Kh2 Qd5 32. Qxd5 Bxd5 33. Bxa7
Bxa2 34. Bc5 Bb3 35. h4 f6 36. Kg1 Kf7 37. Kf1 Ke6 38. Ke2 h5 39. Ke3 g5 40. g3
Kf5 41. Be7 gxh4 42. gxh4 Ke6 43. Bd8 f5 44. f4 e4 45. Bb6 Kd5 46. Bd4 Kc4 47.
Bh8 Bd1 48. Bg7 Kb3 49. Bh8 Kc2 50. Bg7 Bg4 51. Bh8 b4 52. Bg7 1/2-1/2

[Event "4. Bayer Open"]
[Site "Leverkusen"]
[Date "????.??.??"]
[Round "4"]
[White "Rosskothen, Arnd"]
[Black "Friedsam, Manfred"]
[Result "1/2-1/2"]
[WhiteElo "1991"]
[BlackElo "1804"]
[PlyCount "82"]
[EventDate "2007.??.??"]
[EventType "swiss"]
[EventRounds "7"]
[EventCountry "GER"]
[Source "Manfred Birnkot"]
[SourceDate "2007.03.26"]

1. e4 e6 2. d4 d5 3. Nc3 Nf6 4. e5 Nfd7 5. f4 c5 6. Nf3 Nc6 7. Be3 a6 8. Qd2
cxd4 9. Nxd4 Nxd4 10. Bxd4 Bc5 11. O-O-O b5 12. Ne4 $5 Be7 13. Ng5 Nb6 14. h4
h6 15. Nf3 Qc7 16. Bd3 Bd7 17. Kb1 Nc4 18. Qe2 Rc8 19. g4 Bc5 20. Qf2 Bxd4 21.
Qxd4 Qc5 22. h5 Qxd4 23. Nxd4 Na5 24. c3 Nc6 25. Nb3 Rb8 26. Rhf1 a5 27. Nc5
Ke7 28. b3 Rhc8 29. Nxd7 Kxd7 30. Rde1 a4 31. Kb2 Ke7 32. f5 d4 33. cxd4 Nxd4
34. f6+ Kf8 35. Re4 Rd8 36. Bb1 Rb7 37. Rff4 Rbd7 38. Kc3 Rc8+ 39. Kb2 Rcd8 40.
Kc3 Rc8+ 41. Kb2 Rcd8 {Remis durch dreifache Stellungswiederholung.} 1/2-1/2

[Event "4. Bayer Open"]
[Site "Leverkusen"]
[Date "2007.02.12"]
[Round "4"]
[White "Werner, Michael"]
[Black "Schüppen, Heinrich"]
[Result "1-0"]
[WhiteElo "1975"]
[BlackElo "1674"]
[PlyCount "57"]
[EventDate "2007.??.??"]
[EventType "swiss"]
[EventRounds "7"]
[EventCountry "GER"]
[Source "Manfred Birnkot"]
[SourceDate "2007.03.26"]

1. d4 d5 2. c4 dxc4 3. Nf3 Nf6 4. e3 Bg4 5. Bxc4 e6 6. O-O a6 7. Nc3 Nc6 8. h3
Bh5 9. Be2 Bb4 10. a3 Bxc3 11. bxc3 O-O 12. Bb2 e5 13. Nxe5 Nxe5 14. Bxh5 Nc4
15. Be2 Qd5 16. Bxc4 Qxc4 17. Re1 Rfe8 18. Qe2 Qb3 19. c4 Ne4 20. Rac1 Re6 21.
Qc2 Qxc2 22. Rxc2 Rae8 23. f3 Nd6 24. e4 Rg6 25. Rd1 f6 26. c5 Nf7 27. Kh2 h5
28. Bc1 Rd8 29. Rb2 1-0

[Event "4. Bayer Open"]
[Site "Leverkusen"]
[Date "2007.02.12"]
[Round "4"]
[White "Keller, Karsten"]
[Black "Granz, Thomas"]
[Result "1-0"]
[WhiteElo "2077"]
[BlackElo "1687"]
[PlyCount "67"]
[EventDate "2007.??.??"]
[EventType "swiss"]
[EventRounds "7"]
[EventCountry "GER"]
[Source "Manfred Birnkot"]
[SourceDate "2007.03.26"]

1. Nf3 Nc6 2. d4 d5 3. Bf4 Bg4 4. e3 a6 5. c4 e6 6. Nc3 Nf6 7. a3 Bd6 8. h3 Bh5
9. g4 Bg6 10. Bg5 Be7 11. c5 Ne4 12. Bf4 h5 13. Ne5 Nxe5 14. Bxe5 Bh4 15. Nxe4
Bxe4 16. Rg1 f6 17. Bg3 Bxg3 18. Rxg3 h4 19. Rg1 g5 20. f3 Bg6 {
Schwarz bietet Remis an.} 21. Qb3 Rb8 22. Bd3 Bf7 23. f4 O-O 24. O-O-O b6 25.
Bc2 bxc5 $2 (25... Qe7 $11) 26. Qd3 $18 f5 27. gxf5 c4 28. Qc3 exf5 29. Rxg5+
Kh8 30. Qe1 Bg8 31. Qxh4+ Bh7 32. Rdg1 a5 33. Qh6 Qf6 34. Rg8+ 1-0

[Event "4. Bayer Open"]
[Site "Leverkusen"]
[Date "2007.02.12"]
[Round "4"]
[White "Weinmann-Musset, Manfred"]
[Black "Wegener, Marcus"]
[Result "0-1"]
[WhiteElo "1852"]
[BlackElo "1807"]
[PlyCount "61"]
[EventDate "2007.??.??"]
[EventType "swiss"]
[EventRounds "7"]
[EventCountry "GER"]
[Source "Manfred Birnkot"]
[SourceDate "2007.03.26"]

1. d4 Nf6 2. c4 c5 3. d5 b5 4. cxb5 a6 5. bxa6 g6 6. g3 d6 7. Bg2 Bg7 8. Nc3
Nbd7 9. h3 Rxa6 10. Nf3 Nb6 11. O-O Bd7 12. e4 Qa8 13. Re1 O-O 14. Qc2 Rb8 15.
Bf1 Ra7 16. Nd2 Na4 17. Nc4 Nxc3 18. bxc3 Ba4 19. Qd3 Bb3 20. a3 Ra4 21. Nd2 c4
22. Qe3 Nd7 23. f4 Qa5 24. Bb2 Qc5 25. Rac1 Qxe3+ 26. Rxe3 Nc5 27. Kf2 Ba2 28.
Rc2 Bb3 29. Rc1 Na6 30. Rce1 Nc7 31. Bc1 {
Weiss überschritt in ausgeglichener Stellung die Zeit.} 0-1

[Event "4. Bayer Open"]
[Site "Leverkusen"]
[Date "2007.02.12"]
[Round "4"]
[White "Remmler, Dirk"]
[Black "Schläfer, Roland"]
[Result "1/2-1/2"]
[WhiteElo "1787"]
[BlackElo "1973"]
[PlyCount "43"]
[EventDate "2007.??.??"]
[EventType "swiss"]
[EventRounds "7"]
[EventCountry "GER"]
[Source "Manfred Birnkot"]
[SourceDate "2007.03.26"]

1. e4 c5 2. Nf3 Nc6 3. d4 cxd4 4. Nxd4 g6 5. Nc3 Bg7 6. Nb3 Nf6 7. Be2 O-O 8.
O-O d6 9. Kh1 Bd7 10. Bg5 h6 11. Bh4 Rc8 12. f4 Na5 $2 13. Nxa5 $18 Qxa5 14. e5
dxe5 15. Bxf6 exf6 16. Qxd7 Rfd8 17. Qxb7 Rb8 18. Qf3 Rxb2 19. fxe5 Qxe5 20.
Rad1 $6 (20. Rac1) 20... Rc8 21. Rd3 Rxc2 22. Ne4 1/2-1/2

[Event "4. Bayer Open"]
[Site "Leverkusen"]
[Date "2007.02.12"]
[Round "4"]
[White "Proba, Stefan"]
[Black "Witte, Volker"]
[Result "1-0"]
[WhiteElo "1882"]
[BlackElo "1644"]
[PlyCount "55"]
[EventDate "2007.??.??"]
[EventType "swiss"]
[EventRounds "7"]
[EventCountry "GER"]
[Source "Manfred Birnkot"]
[SourceDate "2007.03.26"]

1. d4 Nf6 2. c4 g6 3. Nc3 Bg7 4. e4 d6 5. f4 O-O 6. Nf3 c5 7. d5 Qa5 8. Bd2 Qb6
9. Qc2 Na6 10. a3 Bd7 11. Bd3 Ng4 12. h3 Nh6 13. g4 f6 14. g5 fxg5 15. Nxg5
Rae8 16. O-O-O e6 17. dxe6 Bxe6 18. Nxe6 Rxe6 19. f5 gxf5 20. exf5 Ref6 21. Nd5
Qd8 22. Nxf6+ Qxf6 23. Rhg1 Nf7 24. Qc3 Ne5 25. Bg5 Nxd3+ 26. Rxd3 Qxf5 27. Bh6
Qf1+ 28. Rd1 1-0

[Event "4. Bayer Open"]
[Site "Leverkusen"]
[Date "2007.02.12"]
[Round "4"]
[White "Schreiber, Peter"]
[Black "Fröhling, Ewald"]
[Result "1-0"]
[WhiteElo "1711"]
[BlackElo "1546"]
[PlyCount "47"]
[EventDate "2007.??.??"]
[EventType "swiss"]
[EventRounds "7"]
[EventCountry "GER"]
[Source "Manfred Birnkot"]
[SourceDate "2007.03.26"]

1. e4 d5 2. exd5 Qxd5 3. Nc3 Qa5 4. d4 c6 5. Nf3 Nf6 6. Bc4 Bf5 7. Bd2 Qc7 8.
Qe2 Nbd7 9. O-O Nb6 10. Bb3 e6 11. Ne5 Bd6 12. f4 O-O 13. Rad1 Bxe5 $6 (13...
Nbd5) 14. fxe5 Bg4 15. Qe3 (15. Qf2 $142) 15... Bxd1 $2 (15... Nfd5 $11) 16.
exf6 $18 Bh5 17. Qg5 Bg6 18. Ne4 Nd5 $2 (18... Rfe8 $11) 19. fxg7 Rfd8 20. Bxd5
cxd5 21. Nf6+ Kxg7 22. Qh6+ Kh8 23. Bf4 Qe7 24. Be5 1-0

[Event "4. Bayer Open"]
[Site "Leverkusen"]
[Date "2007.02.12"]
[Round "4"]
[White "Hoeper, Heinz-Joachim"]
[Black "Jankowiak, Frank"]
[Result "0-1"]
[WhiteElo "1526"]
[BlackElo "1694"]
[PlyCount "50"]
[EventDate "2007.??.??"]
[EventType "swiss"]
[EventRounds "7"]
[EventCountry "GER"]
[Source "Manfred Birnkot"]
[SourceDate "2007.03.26"]

1. Nf3 d5 2. g3 Nc6 3. Bg2 Nf6 4. d4 Bf5 5. O-O e6 6. Re1 Be7 7. Nc3 Nb4 8. e4
Nxe4 9. Nxe4 Bxe4 10. Nd2 Bxc2 11. Qf3 Bg6 12. Nb3 Nc2 13. Bf4 O-O 14. Rec1
Nxa1 15. Bxc7 Qd7 16. Nxa1 Rac8 17. Bf4 Rxc1+ 18. Bxc1 Qa4 19. Qb3 Qxd4 20. Be3
Qd3 21. Qxd3 Bxd3 22. Nb3 b6 23. Nd4 Rc8 24. f4 Bc5 25. f5 e5 0-1

[Event "4. Bayer Open"]
[Site "Leverkusen"]
[Date "2007.02.12"]
[Round "4"]
[White "Heilmann, Bernhard"]
[Black "Wieland, Ingo"]
[Result "1/2-1/2"]
[WhiteElo "1506"]
[BlackElo "1688"]
[PlyCount "133"]
[EventDate "2007.??.??"]
[EventType "swiss"]
[EventRounds "7"]
[EventCountry "GER"]
[Source "Manfred Birnkot"]
[SourceDate "2007.03.26"]

1. e4 c6 2. d4 d5 3. Nc3 dxe4 4. Nxe4 Nf6 5. Nxf6+ gxf6 6. Nf3 Bg4 7. Be2 Qc7
8. Nh4 Bxe2 9. Qxe2 e6 10. O-O Nd7 11. c4 O-O-O 12. c5 e5 13. b4 exd4 14. Rd1
Qe5 15. Qg4 Re8 16. Bb2 h5 17. Qxd4 Qxd4 18. Bxd4 Re6 19. Nf5 Rg8 20. f4 Be7
21. Re1 Kd8 22. Rad1 Ke8 23. Bb2 Nf8 24. Nd4 Rxe1+ 25. Rxe1 Kd7 26. Nf5 Ng6 27.
Rd1+ Kc7 28. Rd4 Rd8 29. g3 Rxd4 30. Bxd4 Kd7 31. h4 Ke6 32. Ng7+ Kd5 33. Bf2
a5 34. a3 axb4 35. axb4 Kc4 36. Be1 Bd8 37. Nxh5 b6 38. cxb6 Bxb6+ 39. Bf2
Bxf2+ 40. Kxf2 Kxb4 41. Nxf6 c5 42. Ke3 c4 43. Nd5+ Kc5 44. Nf6 Kb4 45. Kd4 Kb3
46. Nd5 Ne7 47. h5 Nxd5 48. Kxd5 c3 49. h6 c2 50. h7 c1=Q 51. h8=Q Qc4+ {
Schwarz bietet Remis an.} 52. Kd6 Qd3+ 53. Ke7 Qxg3 54. Qb8+ Kc4 55. Kxf7 Kd5
56. Qe5+ Kc4 57. Kf6 Qh4+ 58. Ke6 Qg4+ 59. f5 Qg8+ 60. Ke7 Qh7+ 61. Kf8 Qh6+
62. Qg7 Qd6+ 63. Kg8 (63. Qe7 $18 {und Matt in 37 Zügen! :-)}) 63... Qd8+ $11
64. Qf8 Qg5+ 65. Kh7 Qh5+ 66. Kg8 Qg5+ 67. Kh7 1/2-1/2

[Event "4. Bayer Open"]
[Site "Leverkusen"]
[Date "2007.02.12"]
[Round "4"]
[White "Stolzenberg, Peter"]
[Black "Runte, Dirk"]
[Result "0-1"]
[WhiteElo "1495"]
[BlackElo "1683"]
[PlyCount "36"]
[EventDate "2007.??.??"]
[EventType "swiss"]
[EventRounds "7"]
[EventCountry "GER"]
[Source "Manfred Birnkot"]
[SourceDate "2007.03.26"]

1. d4 Nf6 2. Bf4 g6 3. Nf3 d5 4. c3 Bg7 5. e3 O-O 6. Nbd2 Nbd7 7. Bd3 c5 8. O-O
a6 9. Re1 b5 10. e4 dxe4 11. Nxe4 cxd4 12. Nxd4 Bb7 13. Qd2 $2 (13. Nxf6+ $14)
13... e5 $19 14. Nd6 exf4 15. Nxb7 Qc7 16. Be4 Nxe4 17. Rxe4 Qxb7 18. Qxf4 Nf6
0-1

[Event "4. Bayer Open"]
[Site "Leverkusen"]
[Date "2007.02.12"]
[Round "4"]
[White "Witte, Thomas"]
[Black "Buchfelder, Gerhard"]
[Result "1-0"]
[WhiteElo "1657"]
[BlackElo "1497"]
[PlyCount "53"]
[EventDate "2007.??.??"]
[EventType "swiss"]
[EventRounds "7"]
[EventCountry "GER"]
[Source "Manfred Birnkot"]
[SourceDate "2007.03.26"]

1. e4 d5 2. e5 Nc6 3. d4 Bf5 4. c3 e6 5. Bd3 Nge7 6. Bg5 Qd7 7. g4 Bxd3 8. Qxd3
Ng6 9. h4 Be7 10. Nf3 O-O-O 11. h5 Nf8 12. Bxe7 Qxe7 13. Nbd2 f6 14. exf6 gxf6
15. O-O-O Qg7 16. Rhg1 Nd7 17. Nb3 e5 18. dxe5 Ndxe5 19. Nxe5 fxe5 20. Nc5 Qf6
$4 21. Qb5 $18 Rd6 22. Qxb7+ Kd8 23. Qb3 Qxf2 24. Nb7+ Kd7 25. Nxd6 Qe3+ 26.
Kb1 cxd6 27. Qb7+ 1-0

[Event "4. Bayer Open"]
[Site "Leverkusen"]
[Date "2007.02.12"]
[Round "4"]
[White "Waraczynski, Herbert"]
[Black "Marino, Eric"]
[Result "0-1"]
[WhiteElo "1450"]
[BlackElo "1623"]
[PlyCount "114"]
[EventDate "2007.??.??"]
[EventType "swiss"]
[EventRounds "7"]
[EventCountry "GER"]
[Source "Manfred Birnkot"]
[SourceDate "2007.03.26"]

1. e4 c5 2. Nf3 e6 3. c3 d5 4. exd5 exd5 5. Be2 Nf6 6. O-O Bd6 7. d4 O-O 8.
dxc5 Bxc5 9. b4 Bb6 10. Bg5 Qd6 11. Bxf6 Qxf6 12. Qxd5 Nc6 13. Qb3 Be6 14. Bc4
Bg4 15. Nbd2 Ne5 16. Nxe5 Qxe5 17. Rae1 Qf5 18. Ne4 Rfe8 19. g3 Qf3 20. Ng5
Bxf2+ 21. Rxf2 Rxe1+ 22. Bf1 Qe3 23. Qxf7+ Kh8 24. Qf4 Qxf4 25. Rxf4 Be2 26. a4
Bxf1 27. Rxf1 Rxf1+ 28. Kxf1 Kg8 29. Ke2 h6 30. Ne4 Rd8 31. Nc5 b6 32. Ne4 Kf7
33. Ke3 Rd1 34. h4 Ke6 35. c4 Ke5 36. Nc3 Ra1 37. c5 bxc5 38. bxc5 a6 39. Kd3
Rg1 40. Kc4 Rxg3 41. c6 Rxc3+ 42. Kxc3 Kd6 43. c7 Kxc7 44. Kd4 Kb6 45. Ke5 Ka5
46. Kf5 Kxa4 47. Kg6 Kb4 48. Kxg7 a5 49. Kxh6 a4 50. Kg7 a3 51. h5 a2 52. h6
a1=Q+ 53. Kg8 Qg1+ 54. Kh8 Qd4+ 55. Kg8 Qd8+ 56. Kf7 Qh8 57. Kg6 Kc5 {
In dieser klar verlorenen Stellung liess Weiss seinen Gegner zweieinviertel
Stunden warten - und verlor schliesslich durch Zeitüberschreitung.} 0-1

[Event "4. Bayer Open"]
[Site "Leverkusen"]
[Date "2007.02.12"]
[Round "4"]
[White "Hasanovic, Huzeir"]
[Black "Azimi, Reza"]
[Result "1-0"]
[WhiteElo "1616"]
[BlackElo "1437"]
[PlyCount "47"]
[EventDate "2007.??.??"]
[EventType "swiss"]
[EventRounds "7"]
[EventCountry "GER"]
[Source "Manfred Birnkot"]
[SourceDate "2007.03.26"]

1. e4 c5 2. Nf3 d6 3. d3 a6 4. g3 Nc6 5. Bg2 Bg4 6. c3 g6 7. O-O Qd7 8. Be3 e5
9. Nbd2 Nh6 10. Re1 f5 11. Bg5 f4 12. Nc4 Qe6 13. Nb6 Rb8 14. Nd5 Rc8 15. Qb3
Kf7 16. Qxb7+ Ne7 17. Bxe7 Bxe7 18. Ng5+ Kg7 19. Nxe6+ Bxe6 20. Qxe7+ Bf7 21.
Qf6+ Kg8 22. Ne7+ Kf8 23. Nxc8 Rg8 24. Nxd6 1-0

[Event "4. Bayer Open"]
[Site "Leverkusen"]
[Date "2007.02.12"]
[Round "4"]
[White "Lessing, Sebastian"]
[Black "Seelig, Jochen"]
[Result "1/2-1/2"]
[WhiteElo "1599"]
[BlackElo "1333"]
[PlyCount "96"]
[EventDate "2007.??.??"]
[EventType "swiss"]
[EventRounds "7"]
[EventCountry "GER"]
[Source "Manfred Birnkot"]
[SourceDate "2007.03.26"]

1. e4 b6 2. Nc3 Bb7 3. Bc4 Nf6 4. d3 e6 5. Bg5 Be7 6. Nge2 d5 7. exd5 Nxd5 8.
Bxd5 Bxd5 9. Bxe7 Kxe7 $6 10. O-O Qd6 11. Re1 Nd7 12. Nf4 Nf6 13. Nfxd5+ Nxd5
14. Ne4 Qd7 15. c4 Nf6 16. Ng3 g6 17. Qf3 Rhd8 18. Rad1 c5 19. Ne4 Nxe4 20.
Rxe4 Kf8 21. h4 Kg7 22. h5 Rac8 $2 23. h6+ $18 Kf8 24. Qf6 Ke8 25. Rf4 Qe7 26.
Qg7 $2 (26. Qh8+ $18) 26... Qf8 $2 27. Qxh7 $18 Rd7 28. Qg7 $2 Qxg7 $11 29.
hxg7 Ke7 30. Rh4 Rg8 31. Rh7 Kf6 32. g4 Kg5 33. f3 f5 34. gxf5 gxf5 35. Kf2 Kf6
36. Rh6+ Kf7 37. Ke3 Rd4 38. b4 f4+ 39. Ke2 Rxg7 40. bxc5 bxc5 41. a4 Rg2+ 42.
Kf1 Ra2 43. Rh7+ Kf6 44. Rxa7 Rd8 45. a5 Rh8 46. Kg1 Rhh2 47. Ra8 Rhg2+ 48. Kf1
Rgf2+ 1/2-1/2

[Event "4. Bayer Open"]
[Site "Leverkusen"]
[Date "2007.02.12"]
[Round "4"]
[White "Schreiber, Gudrun"]
[Black "Kolleck, Wolf-Dieter"]
[Result "1/2-1/2"]
[WhiteElo "1311"]
[BlackElo "1582"]
[PlyCount "44"]
[EventDate "2007.??.??"]
[EventType "swiss"]
[EventRounds "7"]
[EventCountry "GER"]
[Source "Manfred Birnkot"]
[SourceDate "2007.03.26"]

1. e4 e5 2. Nf3 d6 3. d4 exd4 4. Nxd4 Nf6 5. Nc3 Be7 6. Bc4 O-O 7. O-O c6 8.
Be3 a6 9. Qd2 b5 10. Bd3 Re8 11. f4 Bf8 12. Rf3 b4 13. Nce2 c5 14. Nf5 Nxe4 15.
Bxe4 Rxe4 16. Qd5 Qe8 17. Qxa8 Bxf5 18. Kf2 Re7 19. Ng3 Bg4 20. Re1 Bxf3 21.
Kxf3 Qd8 22. Qd5 Qc7 {Schwarz bietet Remis an.} 1/2-1/2

[Event "4. Bayer Open"]
[Site "Leverkusen"]
[Date "2007.02.12"]
[Round "4"]
[White "Erdmann, Kristian"]
[Black "Liebsch, Conrad"]
[Result "1-0"]
[WhiteElo "1559"]
[BlackElo "1270"]
[PlyCount "31"]
[EventDate "2007.??.??"]
[EventType "swiss"]
[EventRounds "7"]
[EventCountry "GER"]
[Source "Manfred Birnkot"]
[SourceDate "2007.03.26"]

1. e4 e5 2. Nf3 Nc6 3. Bc4 Nf6 4. Ng5 d5 5. exd5 Nxd5 6. Nxf7 Kxf7 7. Qf3+ Ke6
8. Nc3 Nce7 9. d3 h6 10. Qe4 g5 11. Nxd5 Nxd5 12. Qg6+ Ke7 13. Bxg5+ $2 hxg5
14. Qxg5+ Nf6 $4 (14... Kf7 $3 15. Qxd8 Bb4+ 16. c3 Rxd8 17. cxb4 Be6 $19) 15.
Qxe5+ Kd7 16. Qe6# 1-0

[Event "4. Bayer Open"]
[Site "Leverkusen"]
[Date "2007.02.12"]
[Round "4"]
[White "van Hove, Ode"]
[Black "Bauer, Matthias"]
[Result "1/2-1/2"]
[WhiteElo "1524"]
[BlackElo "1490"]
[PlyCount "45"]
[EventDate "2007.??.??"]
[EventType "swiss"]
[EventRounds "7"]
[EventCountry "GER"]
[Source "Manfred Birnkot"]
[SourceDate "2007.03.26"]

1. e4 c5 2. d4 cxd4 3. c3 dxc3 4. Nxc3 Nc6 5. Nf3 e6 6. Bc4 a6 7. O-O b5 8. Bb3
Bb4 9. Qe2 Nge7 10. Rd1 O-O 11. Bg5 Na5 12. Bc2 h6 13. Be3 Nc4 14. a3 Bxc3 15.
bxc3 Nxe3 16. Qxe3 d5 17. exd5 exd5 18. Nd4 Qd6 19. Qd3 Qg6 20. Qf3 Qg4 21. Qd3
Qg6 22. Qf3 Qg4 23. Qd3 1/2-1/2

[Event "4. Bayer Open"]
[Site "Leverkusen"]
[Date "2007.02.12"]
[Round "4"]
[White "Leclaire, Ingrid"]
[Black "Liebsch, Felix"]
[Result "0-1"]
[WhiteElo "782"]
[BlackElo "1008"]
[PlyCount "42"]
[EventDate "2007.??.??"]
[EventType "swiss"]
[EventRounds "7"]
[EventCountry "GER"]
[Source "Manfred Birnkot"]
[SourceDate "2007.03.26"]

1. b3 e5 2. d3 d5 3. e3 Nf6 4. Bb2 Nc6 5. Nf3 Bd6 6. Be2 O-O 7. Nbd2 Re8 8. a3
Bf5 9. O-O e4 10. dxe4 Nxe4 11. Nb1 Ne7 12. Bd3 c6 13. Re1 Qc7 14. Bxe4 Bxe4
15. Nfd2 Ng6 16. Nc3 f5 17. Ne2 f4 18. exf4 Nxf4 19. Nd4 Nxg2 20. Rf1 Bxh2+ 21.
Kh1 Ne3+ 0-1

[Event "4. Bayer Open"]
[Site "Leverkusen"]
[Date "2007.02.26"]
[Round "5"]
[White "Balduan, Markus"]
[Black "Cordts, Ingo"]
[Result "1/2-1/2"]
[WhiteElo "2299"]
[BlackElo "2296"]
[PlyCount "34"]
[EventDate "2007.??.??"]
[EventType "swiss"]
[EventRounds "7"]
[EventCountry "GER"]
[Source "Manfred Birnkot"]
[SourceDate "2007.03.26"]

1. Nf3 Nf6 2. d4 d5 3. Bf4 c5 4. e3 Qb6 5. Qc1 Nc6 6. c3 Bf5 7. Nbd2 Rc8 8.
dxc5 Qxc5 9. Nb3 Qb6 10. Nbd4 Bg6 11. Nxc6 bxc6 12. Ne5 e6 13. Be2 Be7 14. O-O
O-O 15. Bg5 Rc7 16. Nxg6 hxg6 17. Qc2 Bd6 1/2-1/2

[Event "4. Bayer Open"]
[Site "Leverkusen"]
[Date "2007.02.26"]
[Round "5"]
[White "Rotstein, Jefim"]
[Black "Wirths, Clara"]
[Result "1-0"]
[WhiteElo "2269"]
[BlackElo "1901"]
[PlyCount "85"]
[EventDate "2007.??.??"]
[EventType "swiss"]
[EventRounds "7"]
[EventCountry "GER"]
[Source "Manfred Birnkot"]
[SourceDate "2007.03.26"]

1. f4 d5 2. Nf3 Qd6 3. e3 Nc6 4. b3 e5 5. Ba3 Qf6 6. Bb2 Bg4 7. Bb5 Bxf3 8.
Qxf3 e4 9. Bxf6 exf3 10. Bb2 fxg2 11. Rg1 Nge7 12. Rxg2 O-O-O 13. a3 f6 14. Be2
Kb8 15. b4 Nf5 16. Bg4 Nd6 17. d3 a5 18. bxa5 Nxa5 19. Nd2 Nc6 20. Ke2 Ne7 21.
Nb3 Nef5 22. Nd4 Nxd4+ 23. Bxd4 Nb5 24. Bb2 Bc5 25. a4 Nd6 26. Be6 Rhe8 27. f5
Re7 28. h4 Ne8 29. h5 c6 30. Rag1 Bd6 31. Bd4 Kc7 32. Rb1 c5 33. Bc3 Kc6 34. a5
Bc7 35. e4 dxe4 36. dxe4 b5 37. axb6 Bxb6 38. Kf3 Nc7 39. Bb3 Ra8 40. h6 gxh6
41. Bxf6 Rd7 42. Rh2 Rf8 43. Ba4+ 1-0

[Event "4. Bayer Open"]
[Site "Leverkusen"]
[Date "2007.02.26"]
[Round "5"]
[White "Peschel, Andreas"]
[Black "Khanukov, Boris"]
[Result "0-1"]
[WhiteElo "2114"]
[BlackElo "2297"]
[PlyCount "78"]
[EventDate "2007.??.??"]
[EventType "swiss"]
[EventRounds "7"]
[EventCountry "GER"]
[Source "Manfred Birnkot"]
[SourceDate "2007.03.26"]

1. d4 Nf6 2. Nf3 e6 3. c4 b6 4. g3 Ba6 5. Qc2 Be7 6. Bg2 c6 7. O-O O-O 8. b3 d5
9. Ne5 Nbd7 10. Nxd7 Nxd7 11. Bb2 Bf6 12. e4 Rc8 13. Rd1 b5 14. e5 Be7 15. c5
f6 16. f4 g5 17. Qe2 Kh8 18. b4 gxf4 19. gxf4 f5 20. a4 Nb8 21. Qh5 bxa4 22.
Rxa4 Rc7 23. Nc3 Bc4 24. Rda1 a6 25. R4a3 Rg8 26. Nd1 Rg6 27. Rg3 Qg8 28. Raa3
Bd8 29. Rxg6 Qxg6 30. Rh3 Qxh5 31. Rxh5 Be2 32. Rh6 Bxd1 33. Rxe6 Be7 34. Kf2
Kg7 35. Ke3 Bh5 36. Bh3 Bg6 37. Ba3 Kf7 38. Rd6 Bxd6 39. cxd6 Rb7 0-1

[Event "4. Bayer Open"]
[Site "Leverkusen"]
[Date "2007.02.26"]
[Round "5"]
[White "Mladenov, Svetlin"]
[Black "Reinemer, Frank"]
[Result "1-0"]
[WhiteElo "2304"]
[BlackElo "2097"]
[PlyCount "71"]
[EventDate "2007.??.??"]
[EventType "swiss"]
[EventRounds "7"]
[EventCountry "GER"]
[Source "Manfred Birnkot"]
[SourceDate "2007.03.26"]

1. e4 Nf6 2. e5 Nd5 3. d4 d6 4. Nf3 g6 5. Bc4 Nb6 6. Bb3 Bg7 7. a4 a5 8. Ng5 e6
9. f4 O-O 10. O-O dxe5 11. fxe5 c5 12. c3 cxd4 13. cxd4 Nc6 14. Nf3 f6 15. Nc3
fxe5 16. Bg5 Qd7 17. dxe5 Nxe5 18. Nxe5 Rxf1+ 19. Qxf1 Qd4+ 20. Kh1 Qxe5 21.
Bd8 Ra6 22. Rd1 Qc5 23. Ne4 Qf8 24. Qxf8+ Bxf8 25. Nf6+ Kg7 26. Ne8+ Kh6 27. h4
g5 28. hxg5+ Kg6 29. Nc7 Ra7 30. Nb5 Ra6 31. Bxb6 Rxb6 32. Rd8 Bg7 33. Rxc8
Kxg5 34. Rc7 Kh6 35. Bc2 Rc6 36. b3 1-0

[Event "4. Bayer Open"]
[Site "Leverkusen"]
[Date "2007.02.26"]
[Round "5"]
[White "Negele, Michael"]
[Black "Weiler, Wolfgang"]
[Result "1/2-1/2"]
[WhiteElo "2173"]
[BlackElo "2070"]
[PlyCount "27"]
[EventDate "2007.??.??"]
[EventType "swiss"]
[EventRounds "7"]
[EventCountry "GER"]
[Source "Manfred Birnkot"]
[SourceDate "2007.03.26"]

1. d4 c6 2. e4 d5 3. exd5 cxd5 4. Bd3 Nc6 5. c3 Qc7 6. Ne2 Bg4 7. Na3 e6 8. Qa4
Bxe2 9. Bxe2 Rc8 10. O-O Nf6 11. Be3 Be7 12. Rac1 O-O 13. h3 Qa5 14. Qxa5
1/2-1/2

[Event "4. Bayer Open"]
[Site "Leverkusen"]
[Date "2007.02.26"]
[Round "5"]
[White "Wolfradt, Dirk"]
[Black "Ljuboschitz, Alexander"]
[Result "1/2-1/2"]
[WhiteElo "2035"]
[BlackElo "2102"]
[PlyCount "31"]
[EventDate "2007.??.??"]
[EventType "swiss"]
[EventRounds "7"]
[EventCountry "GER"]
[Source "Manfred Birnkot"]
[SourceDate "2007.03.26"]

1. d4 Nf6 2. Nf3 g6 3. c4 Bg7 4. Nc3 O-O 5. g3 d6 6. Bg2 Nbd7 7. O-O e5 8. dxe5
dxe5 9. h3 c6 10. Be3 Qe7 11. Qa4 Re8 12. Rac1 Nc5 13. Qa3 Bf8 14. Rfd1 Ncd7
15. Qxe7 Bxe7 16. a3 1/2-1/2

[Event "4. Bayer Open"]
[Site "Leverkusen"]
[Date "2007.02.26"]
[Round "5"]
[White "Krauth, Alexander"]
[Black "Scharff, Klaus"]
[Result "1/2-1/2"]
[WhiteElo "2102"]
[BlackElo "1922"]
[PlyCount "107"]
[EventDate "2007.??.??"]
[EventType "swiss"]
[EventRounds "7"]
[EventCountry "GER"]
[Source "Manfred Birnkot"]
[SourceDate "2007.03.26"]

1. d4 e6 2. Nf3 d6 3. Bf4 h6 4. e3 g5 5. Bg3 f5 6. c4 Bg7 7. Nc3 Nf6 8. h3 O-O
9. Be2 a6 10. Qb3 Nbd7 11. c5 d5 12. Ne5 Nxe5 13. Bxe5 Nd7 14. Bxg7 Kxg7 15.
O-O-O c6 16. f3 b6 17. cxb6 Nxb6 18. Rd2 a5 19. Na4 Nxa4 20. Qxa4 Bd7 21. Qa3
Bc8 22. Rc2 Ba6 23. Kd2 f4 24. Rxc6 Bxe2 25. Kxe2 Rb8 26. Rhc1 Qf6 27. R1c2 Rb4
28. Rc7+ Kg6 29. Qd3+ Kh5 30. a3 Rb6 31. b3 Rfb8 32. R2c3 e5 33. dxe5 Qxe5 34.
R7c5 Qxe3+ 35. Qxe3 fxe3 36. Rxd5 Rxb3 37. g4+ Kh4 38. Rxb3 Rxb3 39. Rxa5 Kxh3
40. a4 Kg3 41. Ra6 Rb2+ 42. Kxe3 Rb3+ 43. Ke2 Rxf3 44. Rxh6 Ra3 45. Ra6 Kxg4
46. Kf2 Ra2+ 47. Kf1 Kg3 48. a5 g4 49. Ra8 Ra1+ 50. Ke2 Kg2 51. a6 g3 52. a7
Ra2+ 53. Ke1 Ra6 54. Ke2 1/2-1/2